| 000 | 01176nam a22003011 4500 | ||
|---|---|---|---|
| 001 | 35094 | ||
| 003 | BD-RjUL | ||
| 005 | 20211209052246.0 | ||
| 008 | 140521s1967 nyua b 001 0 eng d | ||
| 035 | _a(BD-RjUL)35188 | ||
| 035 | _a(OCoLC)537162 | ||
| 040 |
_aDLC _cODaWU _dOCoLC _dDLC _dBD-RjUL _beng |
||
| 041 | 1 |
_aeng _hrus |
|
| 082 |
_a001.533 _bIVC 1967 |
||
| 100 | 1 |
_aIvakhnenko, A. G. _9106856 |
|
| 245 | 1 | 0 |
_aCybernetics and forecasting techniques / _cby A.G. Ivakhnenko and V.G. Lapa. Translated by Scripta Technica, inc. Translation editor: Robert N. McDonough. |
| 260 |
_aNew York : _bAmerican Elsevier Pub. Co., _c1967. |
||
| 300 |
_axxvii, 168 p. : _bill. ; _c24 cm. |
||
| 500 | _aTranslation of: Kiberneticheskie predskazyvai︠u︡shchie ustroĭstva (romanized form). | ||
| 504 | _aBibliography: p. 163-166. and Index | ||
| 650 | 0 |
_aSelf-organizing systems. _925262 |
|
| 650 | 0 |
_aElectric filters. _939744 |
|
| 700 | 1 |
_aLapa, V. G. _q(Valentin Grigorʹevich), _ejoint author. _9106858 |
|
| 942 |
_2ddc _cBK |
||
| 999 |
_c35094 _d35094 |
||